| 000 | 00537nam a2200169 a 4500 | ||
|---|---|---|---|
| 001 | 000016777 | ||
| 005 | 20200929164946.0 | ||
| 008 | 100310s1997 dr a 000 0 spa d | ||
| 040 | _aDO-SdBNP | ||
| 082 |
_axxx _bT266m |
||
| 100 | 1 |
_aTejada de Guzmán, Fanny _937177 |
|
| 245 | 1 | 0 |
_aMis vivencias en Fe y Luz : _b13 años en República Dominicana / _cFanny Tejada de Guzmán. |
| 260 |
_aSanto Domingo : _bAmigo del Hogar, _c1997. |
||
| 300 |
_a118 p. : _bil. ; _c23 cm. |
||
| 500 | _aIncluye notas al pie de las páginas | ||
| 049 | _aBNPD | ||
| 999 |
_c16309 _d16309 |
||